=LDR 00000nam 2200000 4500 =001 INLIS000000000044902 =005 20210107100648 =035 ##$$a 0010-101300000002824 =008 210107################g##########0#ind## =041 ##$$a Ind =082 ##$$a 324.60598 56 =090 ##$$a 324, Ram b =100 ##$$a Ramli HM Yusuf =245 1#$$a Buku putih pilkada maluku utara : pendzoliman dan kejahatan politik atas hak-hak demokrasi rakyat maluku utara, Ramli HM Yusuf, Helmi Djen /$c Ramli HM Yusuf, Helmi Djen =260 ##$$a Jakarta :$b Lembaga studi pembangunan Indonesia,$c 2008 =300 ##$$a xxix, 135 hlm ; $c 21x14 cm =650 #4$$a Pilikada Maluku Utara =700 #$$a Helmi Djen =850 ##$$a NBPNMAT =084 ##$$a 324.60598 56 RAM b =250 ##$$a cet.1 =990 ##$$a 31200412